| 000 | 00435nam a2200133Ia 4500 | ||
|---|---|---|---|
| 008 | 170516s9999 xx 000 0 und d | ||
| 245 | _aMTT assay instead of the clonogenic assay in measuring the response of cells to ionizing radiation | ||
| 260 | _bJournal of Radiobiology | ||
| 260 | _c2014 | ||
| 300 | _a1:1 | ||
| 650 | _xRadiologic Technology | ||
| 650 | _xRadtech | ||
| 856 | _uhttp://nikanrescorp.com/index.php/JRB/issue/view/4 | ||
| 999 |
_c332647 _d332647 |
||